00241 a2200097 450000100060000008200120000610000320001824500360005026000410008630000160012786995 a031 STA aStadandard Educational Corp aNew standard encyclopedia Vol 3 aStandard Educational CorpbUSAc1988 axxxv, 416 p